Harrison Ford - Sudden Death - Statistics

General Stats
  • This quiz has been taken 484 times
  • The average score is 6 of 17
Answers on the Grid
Answers color-coded by a green-red scale on the quiz's grid according to % correct below.
Presumed Innocent
The Devil’s Advocate
I, Robot
Raiders of the Lost Ark
Regarding Henry
Working Girl
Heat
Sabrina
Patriot Games
The Hunt for Red October
The Force Awakens
The Patriot
42
Cowboys & Aliens
Runaway Jury
The Fugitive
Blade Runner
Air Force One
Mad Max
Witness
Spy Kids
Rain Man
The Phantom Menace
The Last Starfighter
National Treasure
American Graffiti
Scent of a Woman
The Mosquito Coast
What Lies Beneath
Ender’s Game
 
Answer Stats
Answer % Correct
Raiders of the Lost Ark
87%
The Force Awakens
60%
Blade Runner
52%
The Fugitive
51%
Air Force One
47%
Presumed Innocent
42%
Patriot Games
39%
Regarding Henry
35%
Sabrina
33%
Witness
31%
Working Girl
31%
Cowboys & Aliens
28%
American Graffiti
26%
What Lies Beneath
24%
Ender’s Game
22%
42
18%
The Mosquito Coast
18%
No matching quizzes found
Score Distribution
Percent of People with Each Score
Percentile by Number Answered
Your Score History
You have not taken this quiz